प्राकृतिक स्वास्थ्य एवं योग / (Record no. 120530)

MARC details
000 -LEADER
fixed length control field 01096nam a22002537a 4500
005 - DATE AND TIME OF LATEST TRANSACTION
control field 20170124103159.0
010 ## - LIBRARY OF CONGRESS CONTROL NUMBER
LC control number B-078994
020 ## - INTERNATIONAL STANDARD BOOK NUMBER
Terms of availability 250.00
035 ## - SYSTEM CONTROL NUMBER
System control number B-078994
037 ## - SOURCE OF ACQUISITION
Source of stock number/acquisition Cen Lib/Ret
040 ## - CATALOGING SOURCE
Original cataloging agency DPL
Language of cataloging HN
082 ## - DEWEY DECIMAL CLASSIFICATION NUMBER
Classification number 613.7
Item number गोयल
100 ## - MAIN ENTRY--PERSONAL NAME
Personal name गोयल, बृज भूषण
9 (RLIN) 4584
245 ## - TITLE STATEMENT
Title प्राकृतिक स्वास्थ्य एवं योग /
Statement of responsibility, etc बृज भूषण गोयल
246 ## - VARYING FORM OF TITLE
Title proper/short title Prakriritk swasthya evam yog /
Remainder of title by Brij Bhoshan Goyal
260 ## - PUBLICATION, DISTRIBUTION, ETC. (IMPRINT)
Place of publication, distribution, etc दिल्ली
Name of publisher, distributor, etc आल इंडिया नेचर क्योर फेडरेशन
Date of publication, distribution, etc 2003
270 ## - ADDRESS
City दिल्ली
Address BM-7, (वेस्त) शालीमार बाग
Postal code 110088
300 ## - PHYSICAL DESCRIPTION
Extent 400पृ. :
Dimensions 20सेमी(सजिल्द )
Other physical details सचित्र
650 ## - SUBJECT ADDED ENTRY--TOPICAL TERM
Topical term or geographic name as entry element रोगों का उपचार
General subdivision
Geographic subdivision
9 (RLIN) 90895
650 ## - SUBJECT ADDED ENTRY--TOPICAL TERM
Topical term or geographic name as entry element संतुलित भोजन
9 (RLIN) 147
650 ## - SUBJECT ADDED ENTRY--TOPICAL TERM
Topical term or geographic name as entry element Treatment of Diseases
9 (RLIN) 90896
650 ## - SUBJECT ADDED ENTRY--TOPICAL TERM
Topical term or geographic name as entry element Balanced diet
9 (RLIN) 90897
942 ## - ADDED ENTRY ELEMENTS (KOHA)
Source of classification or shelving scheme Dewey Decimal Classification
Koha item type Hindi Books
Classification part 613.7
Call number suffix गोयल
Holdings
Withdrawn status Lost status Damaged status Not for loan Home library Current library Date acquired Source of acquisition Cost, normal purchase price Total Checkouts Total Renewals Full call number Barcode Date last seen Date checked out Copy number Cost, replacement price Price effective from Koha item type
        Central Library Central Library 23/09/2015 Cen Lib/Ref 250.00 12 4 613.7 गोयल B-078994 15/12/2020 04/12/2020 1 250.00 23/09/2015 Hindi Books

© Delhi Public Library
Hit Counter
free hit counter